[Event "Welsh Seniors Ch"]
[Site "?"]
[Date "2018.09.29"]
[Round "2"]
[White "Greatorex, Roger"]
[Black "Hurn, Robert"]
[Result "1/2-1/2"]
[WhiteElo "1736"]
[BlackElo "1608"]
[Annotator "kemen"]
[PlyCount "70"]
[EventDate "2018.10.02"]

1. d4 Nf6 2. c4 e6 3. Nc3 Bb4 4. Bg5 (4. f3 c5 5. a3 Bxc3+ 6. bxc3 O-O 7. e4 d6
8. Bd3 e5 9. d5 Nh5 {Greatorex-Towers, 4NCL open , Birmingham 2015,0-1}) 4...
c5 5. d5 d6 6. f3 (6. e3 {main} h6 7. Bh4 exd5 8. cxd5 O-O 9. Bd3 Nbd7 10. Nf3
Qa5 11. Qb3 Re8 12. O-O Bxc3 13. bxc3 Ne4 {Doddington-Hurn, Tom Weston Major
Open, 2015,0-1}) 6... exd5 (6... h6 7. Bh4 exd5) 7. cxd5 h6 8. Bd2 (8. Bh4 {
more usual}) 8... O-O 9. e4 Nbd7 $146 {surprisingly} (9... Nh5 $15 {main &
Engines}) (9... Re8) (9... a6 {have been played}) 10. Nge2 Ne5 11. Ng3 a6 (
11... Bd7 $15 {Komodo12}) 12. Be2 Bd7 (12... c4 {transposes to Suveges-Horvath,
HUN ch corr 1996,1-0 which continued} 13. O-O Bc5+ 14. Kh1 b5 15. Qc2 Bd7 16.
h3 Re8 17. a3 a5 18. f4 Neg4 $5 (18... Nd3 19. Bxd3 cxd3 20. Qxd3 b4 $15) 19.
Nd1 Nh7 (19... h5) 20. Bxg4 Bxg4 21. Ne3 Bd7 $11) 13. O-O b5 14. Rc1 Qb6 15.
Be3 Qd8 (15... Ba5) 16. h3 Qe7 17. a4 Rfb8 $11 {both sides have chances} (17...
Bxc3 18. Rxc3 bxa4 19. f4 Ng6 20. e5 $16 {Bl's Q side attack is halted, while
Wh breaks in the centre}) 18. axb5 axb5 19. Ra1 Qe8 20. Na2 {a bit artificial}
(20. Qc2 Ba5 21. Nd1 Ng6 22. Kh1 Bc7 23. Rxa8 Rxa8 24. f4 Ba5 $11 {Komodo12})
20... Ba5 $15 21. b4 $5 (21. Nc3 {Komodo12}) 21... Bb6 (21... cxb4 {Bl can
safely take the pawn- Komodo12} 22. Bd4 Nc4 $15) 22. f4 $6 {the centre
overextends} (22. Nc3 Rxa1 23. Qxa1 Ng6 24. Kh2 h5 $17 {Komodo12}) 22... Ng6
$17 (22... Nxe4 {is close to winning for Bl} 23. Nxe4 Nc4 24. Bxc4 Qxe4 25. Qd3
Qe7 26. Rfe1 bxc4 27. Qxc4 Ra4 $17 {Komodo12}) (22... Nc4 {&}) (22... Ra3 23.
Bf2 Ng6 $17 {also give Bl good chances ( Komodo12). The retreat of the N to a2
has weakened Wh's control over thge centre}) 23. e5 {following the logic of
his last , but Bl could now have cashed in} Nh7 (23... dxe5 24. bxc5 exf4 25.
Bd4 Bxc5 26. Bxc5 fxg3 $19) (23... Ra3 $1 {Komodo12, looking at all the
exposed Wh pieces in the centre} 24. Kh2 (24. Bf2 Nxf4 25. Qc1 (25. exf6 Rxg3
26. Bxg3 Nxe2+ 27. Kh2 Nxg3 $19 28. Kxg3 Qe5+ 29. Kf3 Ra8 {leaves the K far
too exposed})) 24... dxe5 25. Bxc5 Nxf4 26. Rf3 Ra4 27. Nc3 Rxa1 28. Qxa1 Bxc5
29. bxc5 b4 30. Nce4 N6xd5 $19 {the Wh pawn centre has disappeared & 2 pawns
with it}) 24. bxc5 Bxc5 (24... Ra3 $5) 25. Bxc5 dxc5 26. Ne4 (26. Nc3 Nxf4 27.
Rxf4 Qxe5 28. Rxa8 (28. Rf3 Ng5 $19 29. Rd3 Rxa1 30. Qxa1 c4 $19)) 26... c4 (
26... Nxf4 $1 {Komodo12 , destroys the centre} 27. e6 (27. Rxf4 Qxe5 28. Qc1 f5
29. Ng3 (29. Nec3 b4) (29. Nxc5 Rc8) 29... b4 $17 {Bl will regain his piece
soon})) 27. Nc5 (27. Qd4 $16 {Komodo12- reinforces the centre}) 27... Bf5 (
27... Bxh3 $5 {Komodo12} 28. gxh3 Qc8 29. Qd4 Qxh3 30. Qc3 Qxc3 31. Nxc3 Rxa1
32. Rxa1 Nxf4 33. Rb1 b4 34. Bxc4 $17 {Komodo12 initially assesessed this as =}
) 28. g4 Bd7 (28... Nxf4 29. Rxf4 Qxe5 30. Rxf5 Qg3+ 31. Kh1 Qxh3+ 32. Kg1 Qe3+
33. Kf1 g6 34. Rf2 Qxc5 $17 {Komodo12}) (28... Ng5 29. gxf5 Nxf4 30. e6 Ngxh3+
31. Kh1 Qe7 32. Ne4 fxe6 33. f6 gxf6 34. d6 Qg7 $15 {Komodo12}) 29. Qd4 $14 Ra3
30. Nc3 Rba8 31. Rxa3 Rxa3 32. Nxd7 (32. Rc1 $14) 32... Qxd7 33. f5 $6 {
Wh is weakening his bl square control} (33. Rc1 $11) (33. d6 $11) 33... Ne7 (
33... Nh4 $17 {Komodo12} 34. Ne4 Ng5 35. e6 fxe6 36. fxe6 (36. Nxg5 $2 Qd6 $19)
36... Nxe6 37. Qf2 Qxd5 $17 {maybe Wh can hold by a desperate counter attack}
38. Qf7+ Kh8 (38... Kh7 $2 39. Nf6+ Kh8 40. Qg8#) 39. Qe8+ Kh7 40. Nf6+ gxf6
41. Qf7+ Kh8 (41... Ng7 42. Qxd5 $18) 42. Qxf6+ Ng7 (42... Kh7 43. Qf7+ {
repeats} Kh8 44. Qe8+ Kh7 45. Qf7+ $11 {Komodo12})) 34. Rd1 Ng5 35. Kh2 (35. h4
Nh3+ 36. Kh2 b4 37. Nb1 Ra2 38. Qxc4 Qa7 39. Rd2 Rxd2 40. Nxd2 Ng1 41. Kg2 Nxe2
42. Qxe2 Nxd5 $15 {Komodo12}) 35... b4 {(draw?)} (35... b4 36. Ne4 c3 (36...
Rxh3+ 37. Kg2 Rh4 38. e6 fxe6 39. fxe6 Qxd5 40. Qxd5 Nxd5 41. Rxd5 Nxe4 42.
Rd8+ Kh7 43. e7 $18) 37. Qxb4 Qa7 38. f6 Qe3 $19 {Komodo12}) (35... Nxf5 36.
gxf5 Qxf5 37. Bg4 Nf3+ 38. Bxf3 Qxf3 39. Qg4 Qf2+ 40. Qg2 Qf4+ 41. Qg3 Qxg3+
42. Kxg3 Rxc3+ 43. Kf4 Kf8 $19 {Komodo12- the 2 Q side pawns give Bl good
winning prospects}) 1/2-1/2

[Event "Welsh Seniors Ch"]
[Site "?"]
[Date "2018.09.29"]
[Round "2"]
[White "Waterfield, John"]
[Black "Bevan, PM."]
[Result "1/2-1/2"]
[WhiteElo "1923"]
[BlackElo "1886"]
[Annotator "kemen"]
[PlyCount "82"]
[EventDate "2018.10.02"]

1. e4 d5 2. exd5 Qxd5 (2... Nf6 3. d4 Bg4 4. Bb5+ Nbd7 5. f3 Bf5 6. Nc3 {
Hewitt-Bevan, Dyfed Open 2017,1-0}) 3. Nc3 Qd8 4. d4 c6 (4... Nf6 5. Nf3 (5.
Bf4 c6 6. Nf3 Bg4 7. Be2 e6 8. h3 Bh5 9. g4 Bg6 10. Ne5 Nbd7 11. Nxg6 hxg6 12.
Qd3 Bb4 {Gibbs-Bevan, TomWeston Major op 2018,1-0}) 5... Bg4 6. h3 Bxf3 7. Qxf3
c6 8. Be3 e6 9. Bd3 Nbd7 10. Qg3 Nb6 11. O-O Nbd5 {Timmins-Bevan, Tom Weston
Major op 2018,1/2-1/2}) 5. Nf3 Bf5 6. Bc4 e6 7. Qe2 Nf6 8. Bg5 Bb4 (8... Be7 9.
O-O O-O 10. Rfe1 Nd5 {transposes to Bhopal-Bevan, European Seniors teams ,
Dresden 2018,1/2-1/2}) 9. O-O O-O 10. Rad1 Nbd7 11. Ne5 (11. h3 Qa5 12. Nb1 h6
13. Bf4 b5 14. Bb3 Nd5 15. Bg3 Rfd8 16. Nbd2 N7f6 17. Ne5 {Zelcic-Petrov,CRO
ch tm 2014,1/2-1/2}) 11... Bxc3 (11... Qa5 12. Nxd7 Nxd7 13. h4 h6 14. Bf4 Nb6
15. Bb3 Bxc3 16. bxc3 Qxc3 17. g4 Bh7 18. Kg2 Nd5 19. Be5 f6 20. Bg3 Rae8 21.
Rh1 Rf7 22. Rh3 e5 23. Bh2 Qa5 24. f4 {Kovacs-Erdos, hUN ch tm 2006,1-0}) 12.
bxc3 Qa5 13. Nxd7 (13. Bxf6 Nxf6 14. g4 $11 {Cloud Engines}) (13. Bb3 Nxe5 14.
Qxe5 Qxe5 15. dxe5 Ne4 16. Be7 Rfe8 17. Rd7 a5 18. g4 Bg6 19. f4 a4 20. Bc4 b5
21. Bd3 Nxc3 22. f5 $11 {Ibragimov-Fierro Baquero, North American open, Las
Vegas 2003,0-1}) 13... Nxd7 14. Be7 (14. Bb3 Bxc2 15. Bxc2 Qxg5 16. f4 Qe7 17.
f5 $11 {Komodo12}) 14... Rfe8 15. Bb4 Qc7 16. Rfe1 a5 17. Ba3 Nb6 18. Bd3 Bxd3
19. Rxd3 {aiming for a K side attack} (19. Qxd3 Nd5 20. c4 Nb4 21. Qd2 $11)
19... Qd7 20. Rg3 Qd5 21. Qg4 g6 22. Bc1 (22. Qh4 Qxa2 23. Bd6 Qxc2 24. Be5 Qd2
25. Rf1 Nd7 26. f4 $11 {Komodo12}) (22. h4 Nc4 23. Bc1 e5 $15) 22... e5 (22...
Qxa2 {Komodo12} 23. h4 (23. Qh5 Nd5 24. Qh6 f6 25. h4 Ne7 $17) 23... Qxc2 24.
h5 a4 $17) 23. dxe5 Rxe5 24. Rxe5 (24. Rge3 Rxe3 25. Bxe3 Re8 26. Rd1 Qc4 27.
Qd4 Qxd4 28. Rxd4 Kg7 $15 {Komodo12}) 24... Qxe5 25. Re3 (25. Be3 Qxc3 $17)
25... Qd5 (25... Qc5) 26. Qd4 (26. Re1 Qc4 (26... Qxa2 27. Qd4 c5 28. Qxc5 Nd7
29. Qd4 $18) 27. Qd4) 26... Qxd4 27. cxd4 Rd8 (27... Nd5 28. Re1 b5 29. Bd2 $11
) 28. Kf1 (28. Re7 f5 29. Be3 f4 30. Bxf4 Rxd4 $11) 28... Nc4 29. Re7 Rxd4 $15
30. Bh6 Nd6 (30... Nd2+ $1 31. Ke1 Re4+ $17 {Komodo12}) 31. c3 Rh4 32. Bg5 Re4
(32... Rxh2 33. Bf6 Rh1+ 34. Ke2 Kf8 35. Rd7 Ne8 36. Be7+ Kg7 37. Rxb7 Ra1 $15
{Komodo12}) 33. Rd7 Re6 $11 34. Bf4 (34. Bh6) 34... Nb5 (34... Ne4 35. Rxb7
Nxc3 36. Bd2 Nd5 37. Bxa5 Re4 38. Bd2 Kg7 39. Ra7 $11 {Komodo12}) 35. c4 Nc3
36. Bh6 (36. Rxb7 Nxa2 37. Ra7 Nb4 38. Rxa5 Re4 39. Bh6 f5 40. g3 Kf7 41. Ra7+
$11 {Komodo12}) 36... Re8 37. Rxb7 Nxa2 38. Ra7 Nb4 39. Rxa5 Nc2 40. g3 Nd4 41.
Ra7 (41. Ra6 c5 42. Kg2 $14 {Komodo12}) 41... Nf5 (41... Nf5 42. Bf4 $14)
1/2-1/2

[Event "Welsh Seniors Ch"]
[Site "?"]
[Date "2018.09.29"]
[Round "3"]
[White "James, Dai"]
[Black "Davis, Lee"]
[Result "1-0"]
[WhiteElo "1826"]
[BlackElo "1960"]
[Annotator "kemen"]
[PlyCount "39"]
[EventDate "2018.10.02"]

1. e4 g6 2. g3 {awaiting events} d6 3. Bg2 Bg7 4. Nc3 c5 {and now its
transposed to a Closed Sicilian, which Lee has not faced when he has played it
on move1.} (4... Nc6) (4... c6 {have been played by Lee in this position}) 5.
f4 Nc6 6. d3 Nf6 (6... e6 {alternative, played in James-Waterfield in
following rd}) 7. Nf3 O-O 8. O-O Rb8 {main, 1383 games in database} 9. h3 e6 (
9... b5 {is the logical followup of his last}) 10. g4 (10. Be3 {more frequent})
10... Nd7 $146 {starting a process of deserting the K side} (10... b5 $6 {
still the main line}) 11. f5 Nd4 (11... Nde5 {looks better , to keep the N
near the K}) 12. Bf4 Nxf3+ 13. Qxf3 Nb6 $2 {not only removing the N from the K
side, but obstructing the reasoning behind Rb8 in the first place} (13... Ne5
$11 {still looks fine-Deep Fritz14 & Komodo12}) 14. Bg3 (14. Qg3 $16 {looks
stronger} e5 15. Be3 g5 16. Qf2 Bf6 17. a4 a5 18. Nb5 $16) 14... exf5 $6 {
voluntarily opening up the K side.} (14... Nd7 $1 $11 {- is the response of
both Deep Fritz14 & Komodo12} 15. Bxd6 Ne5 16. Bxe5 Bxe5 $15 {and Wh has lost
control over the bl squares}) 15. exf5 gxf5 (15... Be5 {had to be tried}) 16.
gxf5 $18 Bxc3 {another piece leaves the K to its own devices. f6 is a threat,
but} (16... Bd4+ 17. Kh1 Kh8 {holds a little longer though the Bl position is
dire after} 18. Ne4 $18) 17. bxc3 Qf6 18. Qf4 {best, keeping on the bl squares}
(18. Qh5 {also works} Kh8 19. Qh4 (19. Bh4 Qg7 20. f6 Qg6 21. Qxg6 hxg6 22. Bg3
$16) 19... Qxh4 20. Bxh4 f6 21. Bg3 Rd8 22. c4 $18 {Komodo12}) 18... Bd7 19.
Qxd6 Qxc3 $2 {and the last piece leaves the K's side} (19... Qg7 {holds longer}
20. f6 Qh6 21. Rf3 Kh8 22. Bf4 Qh4 23. Rg3 Bc6 (23... Rg8 24. Bg5 Qh5 25. Bf3
Qg6 26. Bf4 Qf5 27. Bg4 $18) 24. Rg4 Qh5 25. Bxc6 bxc6 26. Kh2 $18 {because of
the vulnerable pawns & Bl still having to watch his K}) 20. Be5 1-0

[Event "Welsh Seniors Ch"]
[Site "?"]
[Date "2018.09.29"]
[Round "3"]
[White "Waterfield, John"]
[Black "Greatorex, Roger"]
[Result "1-0"]
[WhiteElo "1923"]
[BlackElo "1736"]
[Annotator "kemen"]
[PlyCount "45"]
[EventDate "2018.10.02"]

1. e4 e6 2. d4 a6 {as in rd1} 3. Nf3 b5 4. Bd3 Bb7 5. O-O c5 6. c3 Nf6 7. Qe2 (
7. Re1 Be7 {Miroshnichenko-Carlsen, PRO League Rapid 2018,0-1} (7... Qc7 {
eg Kasparov-Short, Leuven blitz 2011,0-1})) 7... Nc6 8. Nbd2 (8. d5 {main}) (8.
Bg5) 8... Be7 (8... cxd4 9. cxd4 Nb4 (9... Be7 {more frequent lines})) 9. dxc5
Bxc5 10. b4 (10. e5 Nd5 11. Ne4 $16 {main}) 10... Bb6 (10... Be7 11. a4 Na7 12.
Nd4 O-O 13. axb5 Nxb5 14. Nxb5 axb5 15. Bb2 $14 {Evans,L-Karlsson L, Politiken
Cup 1981,0-1}) 11. a4 $16 bxa4 12. Rxa4 (12. e5) 12... Qc8 (12... d5) 13. e5
$16 Nd5 14. Ne4 (14. Nc4 Bc7 15. Bd2 {Komodo12}) 14... Bc7 15. Bd2 Nxe5 16.
Nxe5 Bxe5 17. f4 Bb8 18. Qg4 (18. c4 Ne7 19. Bc3 O-O 20. Rf2 f5 21. Nc5 Ba7 $11
{Komodo12}) 18... Kf8 {dangerous to face a R} (18... O-O 19. f5 Qc7 20. Qh3
exf5 21. Rxf5 Re8 $11) 19. f5 $16 Ba7+ (19... Nf6 20. Nxf6 gxf6 21. fxe6 Rg8
22. exd7 Ba7+ 23. Kh1 Rxg4 24. dxc8=Q+ Rxc8 25. Bh6+ Kg8 26. Ra2 Rxc3 27. Bxa6
Be4 28. Rd1 Bb6 $11 {Komodo12}) 20. Kh1 $16 Ne3 (20... Qc7 21. fxe6 dxe6 22.
Qxe6 Rd8 23. Bg5 Bb8 24. Qh3 Re8 25. Nc5 Bc8 26. Qh4 h6 27. Bd2 g5 28. Bxg5
Qxh2+ 29. Qxh2 Bxh2 30. Bd2 Be5 31. c4 Nb6 32. Ra5 $16 {Komodo12}) 21. Bxe3
Bxe3 22. fxe6 $18 dxe6 23. Nd6 1-0

[Event "Welsh Seniors Ch"]
[Site "?"]
[Date "2018.09.29"]
[Round "3"]
[White "Hurn, Robert"]
[Black "Van Kemenade, R."]
[Result "1/2-1/2"]
[WhiteElo "1608"]
[BlackElo "1982"]
[Annotator "kemen"]
[PlyCount "172"]
[EventDate "2018.10.02"]

1. d4 d6 2. Nf3 f5 3. Bf4 Nf6 4. h3 (4. e3 g6 5. Nbd2 Bg7 6. c3 O-O 7. h3 Nc6
8. Bc4+ e6 9. Ng5 Qe7 10. O-O h6 11. Ngf3 Kh7 12. Bh2 e5 {Miller-Van Kemenade,
Dyfed Open 2017,0-1}) 4... h6 (4... g6) (4... e6) 5. e3 g5 6. Bh2 Bg7 7. Bc4 (
7. Nbd2 O-O 8. c3 Nc6 9. Bd3 Rb8 10. O-O Qe8 11. Re1 Qh5 {Aronian-Van Wely,
Tata Steel Wijk aan Zee 2014,0-1}) (7. Be2 Nc6 8. O-O O-O 9. c4 e5 10. dxe5 Ne4
{Herman-Sciurti, BdF-Smaragd, GER email 2015,0-1}) 7... e6 8. Nbd2 (8. Nc3 O-O
9. Qd3 Kh8 10. O-O-O a6 {Lopez Otero-Dias, Pontevedra op 2018,0-1}) 8... Qe7 9.
c3 Nc6 10. Qc2 O-O (10... Bd7) 11. O-O-O a6 (11... Rb8) 12. Rdg1 d5 (12... b5
13. Bd3 b4 14. c4 b3 15. Qxb3 e5 $11 {Komodo12}) 13. Be2 Ne4 14. Rf1 b5 (14...
e5 {initial idea} 15. Nxe5 Nxe5 16. dxe5 Bxe5 17. Bxe5 Qxe5 18. Nxe4 dxe4 19.
h4 g4 20. Bc4+ Be6 21. Qb3 Bxc4 22. Qxc4+ Kg7 23. Rd1 Rad8 $11 {Komodo12- the
position has become very simplified}) 15. Nb3 e5 (15... b4 16. c4 Bb7 17. cxd5
exd5 18. Nfd2 Nxd2 19. Qxd2 (19. Kxd2 $5) 19... f4 20. Nc5 Bc8 21. Kb1 $11 {
Komodo12}) 16. Nfd2 Nf6 (16... Nxd2 17. Qxd2 exd4 18. exd4 b4 19. Bf3 Qf7 20.
Re1 f4 21. cxb4 Rb8 22. a3 Bf5 23. Qc3 Rb6 24. h4 Na7 25. Be2 Nb5 26. Bxb5 axb5
27. Nc5 $11 {Komodo12}) 17. Bd3 e4 18. Be2 Be6 19. Kb1 Rfb8 (19... Nd7 {
considered} 20. Bxc7 (20. f4 $14) 20... Rfc8 21. Bg3 b4 22. Rc1 f4 23. Bh2 a5
$15 {Komodo12}) 20. Nc5 Bf7 21. g4 $16 fxg4 (21... f4 {Komodo12- creates more
of a mess} 22. exf4 b4 23. Ndb3 a5 24. Na4 bxc3 25. Qxc3 Be8 26. h4 gxh4 27. g5
hxg5 28. fxg5 Nh7 29. Bf4 (29. Rfg1 Rb4 30. g6 Nf8 $17) 29... Rb4 30. Be3 Rxa4
31. Bb5 Nxd4 $19 {Komodo12}) 22. hxg4 Bg6 23. Ka1 (23. f3 exf3 24. Bd3 Bxd3 25.
Qxd3 Nxg4 26. Rxf3 Rf8 27. e4 $11 {Komodo12}) 23... Bh7 {protecting the B
against pawn breaks} 24. Bg3 Ne8 {aiming to get to c4 but leaves the centre} (
24... a5 $5) 25. Qb3 (25. f3 exf3 26. Bd3 Bxd3 27. Qxd3 Nf6 28. Qg6 Qf7 29.
Rxh6 Qxg6 30. Rxg6 Ne7 31. Rxg5 $18 {Komodo12}) 25... Rd8 (25... Nf6 {may be
best}) 26. Nb7 Rd7 27. Nc5 (27. f4 $18) 27... Na5 $5 {trying to create
complications with an exchange offer, & hoping the Rs will be their usual weak
defenders.though Bl must guard against an entry at h6 by them.} 28. Qc2 (28.
Qa3 {Wh should take up the challenge} Nc4 29. Nxc4 bxc4 30. Nxd7 Qxd7 31. Be5
Bf8 32. Qa5 c6 33. f3 $18) 28... Rdd8 29. Rh2 Nc4 (29... Nd6) 30. Rfh1 (30.
Nxc4 dxc4 31. Qd1 Nf6 32. Rfh1 Nd7 33. Nxd7 Rxd7 34. Rxh6 Bxh6 35. Rxh6 Rf8 36.
Qh1 $16 {Komodo12}) 30... Nxd2 31. Qxd2 Nd6 32. b3 (32. Rxh6 Bxh6 33. Rxh6 Qg7
34. Re6 Bg6 35. Qd1 $18 {Komodo12}) 32... Nf7 33. Bd1 (33. Rf1 Rf8 34. f3 exf3
35. Bxf3 c6 36. e4 dxe4 37. Bxe4 Bxe4 38. Re2 Nd6 39. Rfe1 b4 40. Nxe4 Nxe4 41.
Rxe4 bxc3 42. Qxc3 Qd7 43. Be5 Rae8 $14 {Komodo12}) 33... Bg6 34. Be2 {
offering a draw by implication} c6 35. Bd1 a5 36. Kb1 Re8 37. Be2 Qa7 (37... a4
38. b4 $14 {but Bl has no chance of the win he is after}) 38. Bd1 Bf8 39. b4
axb4 40. cxb4 Kh7 $14 (40... Qa3 41. Qb2 Bxc5 42. Qxa3 Rxa3 43. dxc5 Kg7 44.
Bb3 $14) 41. Bb3 Nd8 {hoping to make something of keeping the Wh B offside on
the Q side} 42. Kc1 Ne6 $11 43. Kd1 Nxc5 44. bxc5 Bf7 (44... Qd7 45. Qe2 Bg7
46. Ke1 $11) 45. Be5 {probing the Kside, with a threat of Bf6} Re6 (45... Rxe5
46. dxe5 Qxc5 {Bl wanted to play this, but didn't see much after} 47. Qd4 {
although Komodo12 likes Bl's prospects after} (47. f4 $14 {Komodo12}) 47... Qe7
48. f3 (48. f4 c5 49. Qb2 c4 50. Bc2 gxf4 51. exf4 Qc5 52. f5 Be8 53. f6 Bd7
54. Qc1 Kg8 55. Rxh6 Bxg4+ 56. Ke1 Kf7 57. Rh7+ Ke6 58. Qg5 Bf3 $11 {Komodo12,
impossible to work out during a game, or even after, especially if Komodo12
now changes its mind and gives} 59. R1h6 $18) 48... c5 49. Qb2 c4 50. Bc2 Qe6
51. fxe4 Qxg4+ 52. Kd2 Kg8 53. Qd4 Rxa2 54. exd5 Bb4+ 55. Kc1 Qxd4 56. exd4
Bxd5 57. Rxh6 Bxh1 58. Rxh1 Bc3 59. e6 Ra1+ 60. Bb1 Bxd4 $17 {Though probably
Bl should have gone for it anyway}) 46. Rh3 Bg6 47. Bd6 Rxd6 {trying to break
the deadlock} (47... Bg7 48. Be5 (48. Ke1 $11) 48... Bxe5 49. Rxh6+ Kg7 50.
dxe5 Qxc5 51. Qd4 {again looked unclear}) 48. cxd6 Qd7 49. Qe2 Qxd6 $11 50. f3
exf3 51. Qxf3 (51. Rxf3) 51... Bg7 52. Qe2 (52. R1h2) 52... Kg8 53. Rf1 (53.
Qh2 Qe6 54. Rxh6 Bxh6 55. Qxh6 Qf6 56. Kc1 Kf7 57. Bc2 Bxc2 58. Qxf6+ Kxf6 59.
Kxc2 Rxa2+ 60. Kb3 Ra6 61. Rh7 $11 {Komodo12- Bl is a useless pawn up}) 53...
Qe6 (53... Be4 54. Rf2 Qe6 55. Rhh2 Bf8 56. Rf1 Bd6 57. Rhf2 Kg7 $15 {though
after} 58. Rf7+ Qxf7 59. Rxf7+ Kxf7 60. Qf1+ Kg7 {the Wh Q has no entry, but
nor does Bl}) 54. Rhf3 Qe4 {possibly misjudging the resultant ending, but
hoping to run 2 pawns through on the k side} (54... Be4 55. Rf7 Bg6 56. R7f2
$11) 55. Bc2 Qxc2+ (55... Qe8 56. Bxg6 Qxg6 57. Qc2 Qe6 58. Qf5 Qxf5 59. Rxf5
Rxa2 60. Rf7 $14 {the c pawn drops after a R exchange}) 56. Qxc2 Bxc2+ 57. Kxc2
Rxa2+ 58. Kb3 Rg2 59. Kb4 Rxg4 (59... Rb2+ 60. Kc5 Rc2+ 61. Kb6 Rc3 62. Ka5 Rb3
63. Kb6 Rc3 64. Ka5 {repetition} (64. Rf7 Rxe3 65. Kxc6 Re4 66. Rb7 Bxd4 67.
Rff7 Rxg4 68. Rfc7 Rf4 69. Kxd5 Ba1 70. Rc8+ Rf8 71. Rxf8+ Kxf8 72. Ke4 h5 73.
Rxb5 $11)) 60. Kc5 Re4 61. Kxc6 g4 62. Rf5 (62. Kxd5 Re8 63. Rg3 b4 64. Rxg4
Rxe3 65. Rfg1 Re7 66. Kc6 h5 67. Rg5 $18 {Komodo12}) 62... Rxe3 $11 63. Rxd5 b4
(63... g3 64. Kxb5 g2 65. Rg1 Rg3 66. Kc4 Rg4 67. Kd3 Kf7 68. Rf5+ Ke6 69. Rf2
Rxd4+ 70. Ke2 $11 {Komodo12}) 64. Rd8+ (64. Rb5 b3 65. d5 Rc3+ 66. Rc5 Rf3 67.
Rb1 g3 68. d6 Bf6 69. Rb5 b2 70. d7 Rc3+ 71. Kd6 g2 72. d8=Q+ Bxd8 73. R5xb2
Rg3 74. Rg1 $11) 64... Kh7 65. d5 (65. Kc5 b3 66. Rd7 $11) 65... g3 $11 {
splitting the k side pawns, but Bl felt the need to be able to get the B to
f6unclear about assessment, both sides can only push on & hope} (65... h5 $11)
(65... b3 $15 66. Rb8 b2 67. Rb1 g3 68. d6 g2 69. d7 Rc3+ 70. Kd6 Bf6 71. Ke6
Rc1 72. Kxf6 g1=Q 73. Rh8+ Kxh8 74. d8=Q+ Qg8 75. Qxg8+ Kxg8 76. Rxb2 $11) 66.
d6 g2 67. Rb1 Bf6 (67... Rg3 68. d7 g1=Q (68... Bf6 69. Rf8 Bg5 70. Rg1 b3 71.
d8=Q Bxd8 72. Rxd8 b2 73. Rd7+ Kh8 (73... Kg6 74. Rb7 $16) 74. Rd8+ (74. Rb7
Rc3+ 75. Kd5 Rc1 76. Rb8+ Kh7 77. Rb7+ Kh8 $11) 74... Kh7 75. Rd7+ $11) 69.
Rxg1 Rxg1 70. Rh8+ Bxh8 71. d8=Q b3 72. Qd3+ Rg6+ 73. Kd5 b2 $11 {Komodo12})
68. Rb8 b3 (68... h5 69. Rg1 Rg3 70. d7 h4 71. Rf8 Bg5 72. Rf5 Bd8 73. Rf8 h3
74. Rxd8 Rc3+ 75. Kb5 Rd3 76. Re8 h2 77. Ree1 $11 {Komodo12}) 69. d7 Rd3 70.
Rg1 Rd2 (70... Rg3 71. Kd5 h5 72. Rf8 Bh4 73. Ke4 b2 74. Rb8 Rg4+ 75. Kf3 Rg3+
76. Ke2 Rg7 77. Rxb2 Rxd7 78. Rxg2 $11 {Komodo12}) 71. Rxb3 $14 Be5 $2 {
prevents Rg3 & threatening a check on d6 that won't actually lead to a good
discoevered ch} (71... Rc2+ 72. Kd5 Rd2+ 73. Ke6 Bd8 74. Rb8 Bg5 75. Rb4 Kg6 (
75... h5 76. Rb5 $18) 76. Rg4 Re2+ 77. Kd6 Rd2+ 78. Kc6 Rc2+ 79. Kd5 Rd2+ 80.
Rd4 {or repetition if desired by Wh}) (71... Bd8 72. Rb8 Bf6 73. Rb5 Bd8 74.
Rb8 $11) 72. Rbb1 (72. Rxg2 {was considered by Bl to be a Wh win, however} Rd6+
73. Kc5 (73. Kc7 Rd3+ 74. Kc6 Rd6+ {repeats}) 73... Rxd7 $11) 72... Bf6 (72...
Rd6+ 73. Kc7 Rd2+ 74. Kc8 Rc2+ 75. Kd8 Bc7+ 76. Ke8 Re2+ 77. Kf7 Rf2+ 78. Ke6
Kg6 79. Rbc1 Re2+ 80. Kd5 Bd8 81. Rc4 Kf6 82. Rg4 Rd2+ 83. Ke4 Ke6 84. R1xg2
Rxg2 85. Rxg2 Kxd7 $11) 73. Kc7 Rc2+ 74. Kd6 h5 $11 75. Rb7 Kg6 76. Rb8 Rd2+
77. Ke6 Re2+ (77... h4 78. Rg8+ $18) 78. Kd5 h4 (78... Kf7 79. Rb6 Bg5 80. Rb4
h4 81. Rg4 h3 82. Rxg5 h2 83. d8=Q Rd2+ 84. Ke5 Rxd8 85. R5xg2 hxg1=Q 86. Rxg1
$11) 79. Rg8+ $18 Kf7 80. R1xg2 (80. R8xg2) 80... Re5+ 81. Kc6 h3 82. d8=Q (82.
R2g6 Re6+ 83. Kb7 h2 84. Rxf6+ Rxf6 85. Rh8 Rd6 86. Kc7 $18 {Komodo12}) (82.
Rf2 Re6+ 83. Kc7 Kxg8 84. Rxf6 Rxf6 85. d8=Q+ $18 {Komodo12 & Nalimov
tablebases}) 82... Bxd8 83. R2g7+ Kf6 84. Rh7 Re6+ 85. Kd5 (85. Kb5) 85... Re5+
(85... Re3 86. Rgh8 $11 (86. Rxd8 Rd3+ 87. Ke4 Rxd8 88. Rxh3 $11)) 86. Kc6 Re6+
{(draw?)} 1/2-1/2